El presidente Cáceres : (Registro nro. 8202)
[ vista simple ]
| 000 -LIDER | |
|---|---|
| fixed length control field | 01024nam a2200301 a 4500 |
| 001 - NÚMERO DE CONTROL | |
| Identificador de número de control | 000036115 |
| 003 - IDENTIFICACDOR DE NÚMERO DE CONTROL | |
| control field | DO-SdBNP |
| 005 - DATE AND TIME OF LATEST TRANSACTION | |
| control field | 20171010120708.0 |
| 007 - CAMPOS FIJOS DE DESCRIPCIÓN FÍSICA | |
| fixed length control field | 000036115 |
| 008 - ELEMENTOS DE LONGITUD FIJA | |
| fixed length control field | 111214s2011 dr ac 001 0bspa d |
| 020 ## - ISBN | |
| International Standard Book Number | 9789945408577 |
| 040 ## - FUENTE DE CATALOGACIÓN | |
| Agencia que crea de manera original el registro | BPMSU |
| Idioma de catalogación | spa |
| Agencia que realiza la transcripción | BPMSU |
| 082 #4 - NÚMERO DE CLASIFICACIÓN DECIMAL DE DEWEY | |
| Classification number | 923.17293 |
| Item number | C118N |
| 100 1# - ASIENTO PRINCIPAL -- NOMBRE PERSONAL | |
| Nombre personal | Novas, José C. |
| 245 13 - MENCIÓN DE TITULO | |
| Título | El presidente Cáceres : |
| Subtítulo | fábula del progreso, el orden y la paz / |
| Mención de responsabilidad | José C. Novas. |
| 260 ## - PUBLICACIÓN, DISTRIBUCIÓN, ETC. (PIE DE IMPRENTA) | |
| Lugar de publicación, distribución, etc | Santo Domingo : |
| Nombre del editor, distribuidor, etc. | Argos, |
| Fecha de publicación, distribución, etc | 2011. |
| 300 ## - DESCRIPCIÓN FÍSICA | |
| Extensión | 165 p. : |
| Otros detalles físicos | il., retrs ; |
| Dimensiones | 23 cm. |
| 500 ## - NOTA GENERAL | |
| Nota general | Incluye referencias bibliografias y notas al pie de la página |
| 504 ## - NOTA DE BIBLIOGRAFÍA, ETC. | |
| Bibliography, etc | Bibliografía: p.157-163 |
| 600 14 - ENCABEZAMIENTO DE MATERIA--NOMBRE PERSONAL | |
| Nombre personal | CÁCERES, RAMÓN, |
| Fechas asociadas con el nombre | 1866-1911 |
| 651 #4 - ENCABEZAMIENTO DE MATERIA--NOMBRE GEOGRÁFICO | |
| Nombre geográfico | REPÚBLICA DOMINICANA |
| Subdivisión temática general | POLÍTICA Y GOBIERNO |
| 651 #4 - ENCABEZAMIENTO DE MATERIA--NOMBRE GEOGRÁFICO | |
| Nombre geográfico | REPÚBLICA DOMINICANA |
| Subdivisión temática general | HISTORIA |
| Subdivisión cronológica | 1844-1930 |
| 651 #4 - ENCABEZAMIENTO DE MATERIA--NOMBRE GEOGRÁFICO | |
| Nombre geográfico | REPÚBLICA DOMINICANA |
| Subdivisión temática general | BIOGRAFÍAS |
| 910 ## - VALIDACIÓN | |
| Validación | Validado. Control de calidad EMS |
| 942 ## - ADDED ENTRY ELEMENTS (KOHA) | |
| Source of classification or shelving scheme | Dewey Decimal Classification |
| Koha item type | Libros |
| 945 ## - INFORMACIÓN DE PROCESAMIENTO LOCAL | |
| Información de procesamiento local | Inventariado / 2017 VM |
| 956 ## - LOCAL ELECTRONIC LOCATION AND ACCESS (OCLC) | |
| Nombre de host | VMATEO |
| Número de acceso | 10 |
| Información de compresión | 20150814 |
| Inicio de sesión | BPMSU |
| Procesador de solicitud | 00151 |
| Withdrawn status | Lost status | Source of classification or shelving scheme | Damaged status | Not for loan | Collection code | Home library | Current library | Date acquired | Total Checkouts | Full call number | Barcode | Date last seen | Price effective from | Koha item type |
|---|---|---|---|---|---|---|---|---|---|---|---|---|---|---|
| Dewey Decimal Classification | Colección Dominicana | Biblioteca Pública Metropolitana Salomé Ureña | Biblioteca Pública Metropolitana Salomé Ureña | 08/14/2015 | 923.17293 C118N | BPMSU15080401 | 08/14/2015 | 08/14/2015 | Libros |